<?xml version="1.0" encoding="UTF-8"?>
<collection xmlns:xsi="http://www.w3.org/2001/XMLSchema-instance" xsi:schemaLocation="http://www.loc.gov/MARC21/slim http://www.loc.gov/standards/marcxml/schema/MARC21slim.xsd" xmlns="http://www.loc.gov/MARC21/slim">
 <record>
  <leader>00000cmm a22000003i 4500</leader>
  <controlfield tag="001">UP-1685594773862036548</controlfield>
  <controlfield tag="003">Buklod</controlfield>
  <controlfield tag="005">20161129150547.0</controlfield>
  <controlfield tag="006">g||| |     ||   ||</controlfield>
  <controlfield tag="007">ta</controlfield>
  <controlfield tag="008">161129s2014    xx         u        ilo d</controlfield>
  <datafield tag="035" ind1=" " ind2=" ">
   <subfield code="a">(iLib)UPBAG-00022622768</subfield>
  </datafield>
  <datafield tag="040" ind1=" " ind2=" ">
   <subfield code="a">BAG</subfield>
   <subfield code="e">rda</subfield>
  </datafield>
  <datafield tag="041" ind1="0" ind2=" ">
   <subfield code="a">ilo</subfield>
  </datafield>
  <datafield tag="041" ind1="0" ind2=" ">
   <subfield code="a">eng</subfield>
  </datafield>
  <datafield tag="090" ind1=" " ind2="0">
   <subfield code="a">VDR-1101</subfield>
  </datafield>
  <datafield tag="245" ind1="0" ind2="0">
   <subfield code="a">Kasar idiay Tabuk = Sounds of bliss, echoes of victory</subfield>
   <subfield code="b">a Kalinga wedding in northern Philippines</subfield>
   <subfield code="c">production supervised by Terada Yoshitaka, Michiyo Yoneno-Reyes ; narrator, Giovanni B. Reyes ; directors, Inomoto Kiyokazu, Ando Hazuki ; production assistance, ESPA Corporation ; production, National Museum of Ethnology.</subfield>
  </datafield>
  <datafield tag="246" ind1="3" ind2=" ">
   <subfield code="a">Sounds of bliss, echoes of victory : a Kalinga wedding in northern Philippines.</subfield>
  </datafield>
  <datafield tag="264" ind1=" " ind2="1">
   <subfield code="a">Osaka, Japan</subfield>
   <subfield code="b">National Museum of Ethnology</subfield>
   <subfield code="c">©2014.</subfield>
  </datafield>
  <datafield tag="300" ind1=" " ind2=" ">
   <subfield code="a">1 videodisc (27 minutes, 12 seconds)</subfield>
   <subfield code="b">sound, color</subfield>
   <subfield code="c">4 3/4 inches.</subfield>
  </datafield>
  <datafield tag="336" ind1=" " ind2=" ">
   <subfield code="a">two dimensional moving image</subfield>
   <subfield code="b">ti</subfield>
   <subfield code="2">rdacontent</subfield>
  </datafield>
  <datafield tag="337" ind1=" " ind2=" ">
   <subfield code="a">video</subfield>
   <subfield code="2">rdamedia</subfield>
  </datafield>
  <datafield tag="338" ind1=" " ind2=" ">
   <subfield code="a">videodisc</subfield>
   <subfield code="b">vd</subfield>
   <subfield code="2">rdacarrier</subfield>
  </datafield>
  <datafield tag="500" ind1=" " ind2=" ">
   <subfield code="a">&quot;505013 (8030).&quot;--Cover.</subfield>
  </datafield>
  <datafield tag="500" ind1=" " ind2=" ">
   <subfield code="a">Iloko version of: Sounds of bliss, echoes of victory : a Kalinga wedding in northern Philippines.</subfield>
  </datafield>
  <datafield tag="500" ind1=" " ind2=" ">
   <subfield code="a">&quot;Filmed in March 2008, location: Tabuk, Province of Kalinga, Republic of the Philippines.&quot;</subfield>
  </datafield>
  <datafield tag="546" ind1=" " ind2=" ">
   <subfield code="a">Narrated in Iloko.</subfield>
  </datafield>
  <datafield tag="546" ind1=" " ind2=" ">
   <subfield code="a">With English subtitles.</subfield>
  </datafield>
  <datafield tag="650" ind1=" " ind2="0">
   <subfield code="a">Weddings</subfield>
   <subfield code="z">Philippines</subfield>
   <subfield code="z">Tabuk (Kalinga)</subfield>
  </datafield>
  <datafield tag="650" ind1=" " ind2="0">
   <subfield code="a">Marriage customs and rites</subfield>
   <subfield code="z">Philippines</subfield>
   <subfield code="z">Tabuk (Kalinga)</subfield>
  </datafield>
  <datafield tag="650" ind1=" " ind2="0">
   <subfield code="a">Wedding music</subfield>
   <subfield code="z">Philippines</subfield>
   <subfield code="z">Tabuk (Kalinga)</subfield>
  </datafield>
  <datafield tag="650" ind1=" " ind2="0">
   <subfield code="a">Dance music</subfield>
   <subfield code="z">Philippines</subfield>
   <subfield code="z">Tabuk (Kalinga)</subfield>
  </datafield>
  <datafield tag="650" ind1=" " ind2="0">
   <subfield code="a">Gong</subfield>
   <subfield code="z">Philippines</subfield>
   <subfield code="z">Kalinga.</subfield>
  </datafield>
  <datafield tag="650" ind1=" " ind2="0">
   <subfield code="a">Headhunters</subfield>
   <subfield code="z">Philippines</subfield>
   <subfield code="z">Kalinga.</subfield>
  </datafield>
  <datafield tag="650" ind1=" " ind2="0">
   <subfield code="a">Musical instruments</subfield>
   <subfield code="z">Philippines</subfield>
   <subfield code="z">Kalinga.</subfield>
  </datafield>
  <datafield tag="650" ind1=" " ind2="0">
   <subfield code="a">Gangsa.</subfield>
  </datafield>
  <datafield tag="650" ind1=" " ind2="0">
   <subfield code="a">Pattong.</subfield>
  </datafield>
  <datafield tag="650" ind1=" " ind2="0">
   <subfield code="a">Toppaya.</subfield>
  </datafield>
  <datafield tag="650" ind1=" " ind2="0">
   <subfield code="a">Torayan.</subfield>
  </datafield>
  <datafield tag="650" ind1=" " ind2="0">
   <subfield code="a">Tambi.</subfield>
  </datafield>
  <datafield tag="700" ind1="1" ind2=" ">
   <subfield code="a">Yoshitaka, Terada</subfield>
   <subfield code="e">production supervisor.</subfield>
  </datafield>
  <datafield tag="700" ind1="1" ind2=" ">
   <subfield code="a">Yoneno-Reyes, Michiyo</subfield>
   <subfield code="e">production supervisor.</subfield>
  </datafield>
  <datafield tag="700" ind1="1" ind2=" ">
   <subfield code="a">Reyes, Giovanni B.</subfield>
   <subfield code="e">narrator.</subfield>
  </datafield>
  <datafield tag="700" ind1="1" ind2=" ">
   <subfield code="a">Kiyokazu, Inomoto</subfield>
   <subfield code="e">director.</subfield>
  </datafield>
  <datafield tag="700" ind1="1" ind2=" ">
   <subfield code="a">Hazuki, Ando</subfield>
   <subfield code="e">director.</subfield>
  </datafield>
  <datafield tag="710" ind1="2" ind2=" ">
   <subfield code="a">ESPA Corporation</subfield>
   <subfield code="e">production assistance.</subfield>
  </datafield>
  <datafield tag="710" ind1="2" ind2=" ">
   <subfield code="a">National Museum of Ethnology, Japan.</subfield>
  </datafield>
  <datafield tag="905" ind1=" " ind2=" ">
   <subfield code="a">FI</subfield>
  </datafield>
  <datafield tag="852" ind1="0" ind2=" ">
   <subfield code="a">UPBAG</subfield>
   <subfield code="b">UPBAG-MAIN</subfield>
   <subfield code="h">VDR-1101</subfield>
  </datafield>
  <datafield tag="942" ind1=" " ind2=" ">
   <subfield code="a">Electronic Resource</subfield>
  </datafield>
 </record>
</collection>
